| 000 | 00370nam a22001337a 4500 | ||
|---|---|---|---|
| 082 |
_a297 _bGHA _cMasjid |
||
| 100 |
_aGhazi, Irfan _951323 |
||
| 245 | _aرسول نمبر | ||
| 260 |
_aLahore, _bRewaz garden, _c2000. |
||
| 300 | _a422p (Vol-I),496p(Vol-II) | ||
| 526 |
_a0 _b0 _c0 _d297_000000000000000_GHA |
||
| 526 |
_a0 _b0 _c0 _d297_000000000000000_GHA |
||
| 942 |
_2ddc _cBK |
||
| 999 |
_c554038 _d554038 |
||